| 000 | 00334cam a22001217a 4500 | ||
|---|---|---|---|
| 008 | 180718b1958 xxu||||| |||| 00| 0 eng d | ||
| 082 | _aQ65 P277 | ||
| 100 | _aPatterson, C.H. | ||
| 245 |
_aCounseling the emotionally disturbed _cby C.H. Patterson |
||
| 260 |
_aNew York _bHarper _c1958 |
||
| 300 | _a458p. | ||
| 650 | _aMental Disturbance | ||
| 999 |
_c433471 _d433471 |
||